[Event "Titled Tuesday intern op 16th Apr Early"]
[Site "Chess.com INT"]
[Date "2024.04.16"]
[Round "8"]
[White "Terry, Renato"]
[Black "Christiansen, Johan Sebastian"]
[Result "1-0"]
[WhiteElo "2521"]
[BlackElo "2637"]
[PlyCount "65"]
[EventDate "2024.04.16"]
[EventType "swiss (blitz)"]
[EventRounds "11"]
[EventCountry "USA"]
[SourceTitle "CB17_2024"]
[SourceDate "2024.04.24"]
[SourceVersion "1"]
[SourceVersionDate "2024.04.24"]
[SourceQuality "1"]

1. d4 d5 2. Bg5 f6 3. Bc1 e5 4. dxe5 fxe5 5. e4 Nf6 6. exd5 Bc5 7. Nc3 0-0 8. Be3 Bxe3 9. fxe3 Ng4 10. Nf3 Nxe3 11. Qd2 e4 12. Qxe3 exf3 13. 0-0-0 Bg4 14. Rd4 Bh5 15. gxf3 Nd7 16. f4 Nf6 17. Bh3 Kh8 18. Be6 b5 19. Rg1 Rb8 20. f5 Qe7 21. Rh4 Nxd5 22. Qh3 Nxc3 23. Rxh5 Ne2+ 24. Kd2 Qb4+ 25. Kxe2 Qe4+ 26. Kf1 Qf4+ 27. Kg2 h6 28. Kh1 Rbe8 29. Qg2 Re7 30. Rh3 Rf6 31. Rg3 Rfxe6 32. fxe6 Rxe6 33. Rxg7 1-0

[Event "Chessable Masters Play In"]
[Site "Chess.com INT"]
[Date "2024.01.31"]
[Round "4"]
[White "Christiansen, Johan Sebastian"]
[Black "Hakobyan, Aram"]
[Result "0-1"]
[WhiteElo "2629"]
[BlackElo "2616"]
[PlyCount "58"]
[EventDate "2024.01.31"]
[EventType "swiss (rapid)"]
[EventRounds "9"]
[EventCountry "USA"]
[SourceTitle "CB06_2024"]
[SourceDate "2024.02.07"]
[SourceVersion "1"]
[SourceVersionDate "2024.02.07"]
[SourceQuality "1"]

1. e4 c5 2. Nf3 d6 3. c3 Nf6 4. Be2 g6 5. 0-0 Bg7 6. d3 0-0 7. Be3 Nc6 8. Nbd2 Re8 9. h3 e5 10. a3 b6 11. b4 h6 12. Nc4 d5 13. exd5 Nxd5 14. bxc5 Nxc3 15. Qc2 Nd4 16. Nxd4 exd4 17. Bf3 dxe3 18. Bxa8 Bf5 19. Nd6 e2 20. Rfe1 Qxa8 21. Nxe8 Qxe8 22. Rac1 bxc5 23. Qd2 Qe5 24. Qe3 Qxe3 25. fxe3 Bxd3 26. Kf2 c4 27. Kf3 Na2 28. Rb1 Bxb1 29. Rxb1 c3 0-1

[Event "Titled Tuesday intern op 16th Jan Early"]
[Site "Chess.com INT"]
[Date "2024.01.16"]
[Round "10"]
[White "Bluebaum, Matthias"]
[Black "Christiansen, Johan Sebastian"]
[Result "1-0"]
[WhiteElo "2655"]
[BlackElo "2629"]
[PlyCount "59"]
[EventDate "2024.01.16"]
[EventType "swiss (blitz)"]
[EventRounds "11"]
[EventCountry "USA"]
[SourceTitle "CB04_2024"]
[SourceDate "2023.10.16"]
[SourceVersion "1"]
[SourceVersionDate "2023.10.16"]
[SourceQuality "1"]

1. d4 Nf6 2. c4 c5 3. d5 b5 4. cxb5 a6 5. bxa6 g6 6. Nc3 Bxa6 7. e4 Bxf1 8. Kxf1 d6 9. g3 Bg7 10. Kg2 0-0 11. Nf3 Nbd7 12. a4 Ra6 13. Qc2 Qa8 14. Ra3 Rc8 15. Re1 c4 16. Be3 Ng4 17. Bd4 Nge5 18. Nxe5 Nxe5 19. Rd1 Qb7 20. Nb5 f5 21. Bxe5 Bxe5 22. exf5 gxf5 23. Qxf5 Bxb2 24. Rf3 Be5 25. Nd4 Kh8 26. Ne6 Raa8 27. Ng5 e6 28. Nf7+ Kg8 29. dxe6 Qe7 30. Nxe5 1-0

[Event "Titled Tuesday intern op 16th Jan Late"]
[Site "Chess.com INT"]
[Date "2024.01.16"]
[Round "9"]
[White "Janaszak, Dawid"]
[Black "Christiansen, Johan Sebastian"]
[Result "1-0"]
[WhiteElo "2308"]
[BlackElo "2629"]
[PlyCount "133"]
[EventDate "2024.01.16"]
[EventType "swiss (blitz)"]
[EventRounds "11"]
[EventCountry "USA"]
[SourceTitle "CB04_2024"]
[SourceDate "2023.10.16"]
[SourceVersion "1"]
[SourceVersionDate "2023.10.16"]
[SourceQuality "1"]

1. e4 e5 2. Nf3 Nc6 3. Bc4 Nf6 4. d4 exd4 5. Ng5 d5 6. exd5 Ne5 7. Qxd4 Nxc4 8. Qxc4 Qxd5 9. Qe2+ Be7 10. 0-0 Bf5 11. Nc3 Qc6 12. Bf4 h6 13. Rfe1 0-0 14. Qxe7 hxg5 15. Bxg5 Rfe8 16. Qb4 Bxc2 17. Bxf6 Qxf6 18. Qxb7 Qb6 19. Qxb6 axb6 20. Rxe8+ Rxe8 21. f3 Rd8 22. Re1 Bf5 23. Rd1 Ra8 24. Kf2 Be6 25. a3 Kf8 26. Nb5 Rc8 27. Nd4 Bd7 28. Rd2 c5 29. Nc2 Be6 30. b4 c4 31. Nd4 Bd7 32. Ne2 Bf5 33. Nc3 Bd3 34. h4 Re8 35. g4 Re6 36. h5 Ke7 37. Nd5+ Kf8 38. Nf4 Rd6 39. Nxd3 c3 40. Rc2 Rxd3 41. Ke2 Rd7 42. Rxc3 Ra7 43. Kd3 b5 44. Kd4 Ke7 45. Kd5 Kd7 46. g5 Ra6 47. f4 Rd6+ 48. Ke4 Ra6 49. Rd3+ Ke7 50. f5 Rc6 51. Rd5 Rc3 52. Rxb5 Rxa3 53. Rb7+ Ke8 54. h6 gxh6 55. gxh6 Rh3 56. Rb6 Ke7 57. b5 Rh1 58. Rc6 Kd7 59. Rf6 Ke7 60. Ra6 Kd7 61. Ke5 Ke7 62. Ra7+ Ke8 63. b6 Rxh6 64. b7 Rb6 65. Ra8+ Ke7 66. b8Q f6+ 67. Ke4 1-0

[Event "Titled Tuesday intern op 09th Jan Early"]
[Site "Chess.com INT"]
[Date "2024.01.09"]
[Round "3"]
[White "Davidson, Kevin"]
[Black "Christiansen, Johan Sebastian"]
[Result "0-1"]
[WhiteElo "2154"]
[BlackElo "2629"]
[PlyCount "56"]
[EventDate "2024.01.09"]
[EventType "swiss (blitz)"]
[EventRounds "11"]
[EventCountry "USA"]
[SourceTitle "CB03_2024"]
[SourceDate "2024.01.17"]
[SourceVersion "1"]
[SourceVersionDate "2024.01.17"]
[SourceQuality "1"]

1. e4 e5 2. Nf3 Nc6 3. Bb5 f5 4. Nc3 fxe4 5. Nxe4 d5 6. Nxe5 dxe4 7. Nxc6 Qd5 8. c4 Qd6 9. Nxa7+ Bd7 10. Qh5+ g6 11. Bxd7+ Qxd7 12. Qe5+ Kf7 13. Nb5 c6 14. Qxh8 Nf6 15. Nc3 Re8 16. 0-0 Bc5 17. Qxe8+ Qxe8 18. d4 exd3 19. Bf4 Qe6 20. b3 Qf5 21. Be3 Bxe3 22. fxe3 Qe5 23. Rac1 Qxe3+ 24. Kh1 Kg7 25. Rcd1 Ng4 26. Rf3 Qd4 27. Rdxd3 Nf2+ 28. Rxf2 Qxf2 0-1

[Event "Wch Blitz"]
[Site "Samarkand"]
[Date "2023.12.30"]
[Round "15"]
[White "Christiansen, Johan Sebastian"]
[Black "Grischuk, Alexander"]
[Result "0-1"]
[WhiteElo "2618"]
[BlackElo "2732"]
[PlyCount "70"]
[EventDate "2023.12.29"]
[EventType "swiss (blitz)"]
[EventRounds "21"]
[EventCountry "UZB"]
[SourceTitle "CB01_2024"]
[SourceDate "2024.01.03"]
[SourceVersion "1"]
[SourceVersionDate "2024.01.03"]
[SourceQuality "1"]

1. e4 e5 2. Nf3 Nc6 3. d4 exd4 4. Nxd4 Qf6 5. Ne2 Bb4+ 6. c3 Bc5 7. Nf4 Nge7 8. Be2 d6 9. 0-0 0-0 10. Kh1 a5 11. Nd3 Bb6 12. f4 d5 13. e5 Qg6 14. g4 f5 15. h3 d4 16. c4 Nb4 17. g5 Bd7 18. Kh2 Bc6 19. Nd2 Be4 20. Nf2 Bc2 21. Qe1 Ba4 22. Bd1 Bxd1 23. Qxd1 d3 24. Nf3 Rfd8 25. Bd2 Nec6 26. Nh4 Qe6 27. Nh1 Nc2 28. Rb1 N6d4 29. Ng3 g6 30. b3 a4 31. Ng2 axb3 32. axb3 Ra2 33. Kh1 Qc6 34. h4 Bc5 35. h5 Ne3 0-1